Investigación de mercados.
Uloženo v:
| Hlavní autor: | |
|---|---|
| Médium: | Kniha |
| Jazyk: | španělština |
| Vydáno: |
Ciudad de México, México:
Pearson Educación,
2008.
|
| Vydání: | Quinta edición. |
| Témata: | |
| On-line přístup: | Disponible Online |
| Tagy: |
Přidat tag
Žádné tagy, Buďte první, kdo vytvoří štítek k tomuto záznamu!
|
MARC
| LEADER | 00000cam a2200000 a 4500 | ||
|---|---|---|---|
| 001 | UCI8289 | ||
| 003 | CL-VaPUC | ||
| 005 | 20240422115604.0 | ||
| 008 | 080821e20080000MX |||||||||||||||||spa|d | ||
| 999 | |c 331278 |d 331276 | ||
| 020 | |a 9789702611851 | ||
| 040 | |c Pontificia Universidad Católica de Valparaíso | ||
| 082 | 0 | 4 | |a 658.8 MAL 2008 |2 21 |
| 100 | 1 | |a Malhotra, Naresh K. |e autor |9 531822 | |
| 245 | 1 | 0 | |a Investigación de mercados. |
| 250 | |a Quinta edición. | ||
| 260 | |a Ciudad de México, México: |b Pearson Educación, |c 2008. | ||
| 300 | |a 124 páginas . | ||
| 583 | |a last modification |c 20141114 05:12:37 |k Rodrigo Vera | ||
| 650 | 0 | |a Análisis de mercados |2 CL-VaPUC |9 414441 | |
| 650 | 0 | |a Investigación industrial |9 888510 | |
| 650 | 0 | |a Investigación |9 883899 |x Metodología | |
| 650 | 0 | |a Muestreo (Estadística) |9 270232 | |
| 650 | 0 | |a Proceso de datos |9 259776 | |
| 856 | |u http://bibliografiadigital.pucv.cl/index.php/bibliotecapucv/catalog/book/1012 |y Disponible Online | ||
| 942 | |c BK |2 ddc | ||
| 945 | |d 20080821 00:00:00 |a jtorresc | ||
| 952 | |0 0 |1 0 |4 0 |6 658_800000000000000_MAL_2008 |7 0 |8 R |9 417574 |a BIBENE |b BIBENE |d 2019-11-22 |i 447404K |o 658.8 MAL 2008 |p 447404K |r 2025-01-15 |w 2019-11-22 |y BK_R |k ICO | ||
| 952 | |0 0 |1 0 |3 erb |4 0 |6 658_800000000000000_MAL_2008 |7 0 |8 R |9 417575 |a BIBENE |b BIBENE |i 5032776 |l 1 |o 658.8 MAL 2008 |p 5032776 |r 2025-01-15 |s 2024-09-11 |w 2019-11-22 |y BK_R |z Catalogado en:20131206 |k ICO | ||
| 952 | |0 0 |1 0 |3 erb |4 0 |6 658_800000000000000_MAL_2008 |7 0 |8 R |9 417576 |a BIBENE |b BIBENE |i 5032784 |l 1 |o 658.8 MAL 2008 |p 5032784 |r 2025-01-15 |s 2024-09-09 |w 2019-11-22 |y BK_R |z Catalogado en:20131206 |k ICO | ||
| 952 | |0 0 |1 0 |3 erb |4 0 |6 658_800000000000000_MAL_2008 |7 0 |8 R |9 417577 |a BIBENE |b BIBENE |i 5032792 |l 3 |o 658.8 MAL 2008 |p 5032792 |r 2025-01-15 |s 2024-09-05 |w 2019-11-22 |y BK_R |z Catalogado en:20131206 |k ICO | ||
| 952 | |0 0 |1 0 |3 erb |4 0 |6 658_800000000000000_MAL_2008 |7 0 |8 R |9 417578 |a BIBENE |b BIBENE |i 5032806 |l 2 |o 658.8 MAL 2008 |p 5032806 |r 2025-01-15 |s 2024-09-09 |w 2019-11-22 |y BK_R |z Catalogado en:20131206 |k ICO | ||
| 952 | |0 0 |1 0 |3 erb |4 0 |6 658_800000000000000_MAL_2008 |7 0 |8 R |9 417579 |a BIBENE |b BIBENE |i 5032814 |l 1 |o 658.8 MAL 2008 |p 5032814 |r 2025-01-15 |s 2024-09-06 |w 2019-11-22 |y BK_R |z Catalogado en:20131206 |k ICO | ||
| 952 | |0 0 |1 0 |2 ddc |3 erb |4 0 |6 658_800000000000000_MAL_2008 |7 0 |8 R |9 417580 |a BIBENE |b BIBENE |i 5360358 |l 5 |m 1 |o 658.8 MAL 2008 |p 5360358 |r 2025-01-15 |s 2024-09-11 |w 2019-11-22 |y BK_R |z Catalogado en:20170119 |k ICO | ||
| 952 | |0 0 |1 0 |3 erb |4 0 |6 658_800000000000000_MAL_2008 |7 0 |8 R |9 417581 |a BIBENE |b BIBENE |i 5360366 |l 7 |o 658.8 MAL 2008 |p 5360366 |r 2025-04-09 |s 2025-04-08 |w 2019-11-22 |y BK_R |z Catalogado en:20170119 |k ICO | ||